000 01425nam a2200253Ia 4500
003 Ost
005 20260416102401.0
008 260416s9999||||xx |||||||||||||| ||und||
040 _cfsecg
041 _aara
082 _a330.09
100 _aلالوش، غنية
_eمؤلف
245 0 _aتاريخ الوقائع الاقتصادية :
_bمطبوعة دروس /
_c غنية لالوش
260 _aالجزائر
_bجامعة الجزائر3: كلية العلوم الإقتصادية، العلوم التجارية وعلوم التسيير
_c2023
300 _a123 ورقة
_bايضاحات
_c12 سم
504 _aمراجع ص121
520 _aمدخل إلى تاريخ الوقائع الاقتصادية،الوقائع الاقتصادية في العصور القديمة و الوسطى،الأنظمة الاقتصادية المعاصرة،أزمات النظام الاقتصادي الرأسمالي،أهم المؤسسات الفاعلة في الاقتصاد العالمي،التكتلات الاقتصادية،العولمة.
653 _aالتكتلات الاقتصادية
653 _aالعولمة
653 _aالنظم الاقتصادية
653 _aالوقائع الاقتصادية
710 _aجامعة الجزائر3: كلية العلوم الإقتصادية، العلوم التجارية وعلوم التسيير
_eناشر علمي
942 _cHANDOUT
999 _c41419
_d41419